Score 0/20 Timer 05:00
6 Plays Today
% Correct
KFC
99.3%
Kellogg's
91.1%
Krispy Kreme
82%
Kraft Foods
78.9%
Kia Motors
77.4%
New York Knicks
74.4%
Kindle
71.9%
Sacramento Kings
64%
Keebler
58.9%
Kit Kat
48.4%
% Correct
Kool-Aid
43.8%
Kappa
26.9%
Keystone Light
22.3%
KPMG
19%
Kingfisher Beer
18.8%
Kawasaki
17.6%
K'NEX
15.8%
Kleenex
14.8%
Konami
11.3%
Kentucky Derby
6.7%
Remove Ads.
Support Sporcle.
Get the best of Sporcle when you Go Orange. This ad-free experience offers more features, more stats, and more fun while also helping to support Sporcle. Thank you for becoming a member.

You're not logged in!

Compare scores with friends on all Sporcle quizzes.
OR
Log In

Show Comments

Extras

Top Quizzes Today


Score Distribution

Your Account Isn't Verified!

In order to create a playlist on Sporcle, you need to verify the email address you used during registration. Go to your Sporcle Settings to finish the process.

Report this User

Report this user for behavior that violates our Community Guidelines.

Details: